| 000 -LEADER |
| fixed length control field |
00430pab a2200157 454500 |
| 008 - FIXED-LENGTH DATA ELEMENTS--GENERAL INFORMATION |
| fixed length control field |
180718b2002 xxu||||| |||| 00| 0 eng d |
| 100 ## - MAIN ENTRY--PERSONAL NAME |
| Personal name |
Morris, Jonathan |
| 245 ## - TITLE STATEMENT |
| Title |
Privatization, Chinese style; economic reform and state-owned enterprises |
| 260 ## - PUBLICATION, DISTRIBUTION, ETC. |
| Date of publication, distribution, etc. |
2002 |
| 300 ## - PHYSICAL DESCRIPTION |
| Extent |
p.359-73 |
| 650 ## - SUBJECT ADDED ENTRY--TOPICAL TERM |
| Topical term or geographic name entry element |
Economic reform |
| 700 ## - ADDED ENTRY--PERSONAL NAME |
| Personal name |
Sheehan, Jackie |
| 700 ## - ADDED ENTRY--PERSONAL NAME |
| Personal name |
Hazzard, John |
| 773 ## - HOST ITEM ENTRY |
| Main entry heading |
Public Administration |
| 909 ## - |
| -- |
52845 |